| 000 | 00850nam a22002057a 4500 | ||
|---|---|---|---|
| 999 |
_c10237 _d10237 |
||
| 003 | AR-CdUCM | ||
| 008 | 190329b ||||| |||| 00| 0 spa d | ||
| 040 |
_aMUNICIPALIDAD PROVINCIAL DEL CUSCO _cBIBLIOTECA MUNICIPAL DEL CUSCO |
||
| 082 |
_aC / 373.31 / _bC34 / 1957 |
||
| 100 |
_aCastillo M., Daniel E., _926964 |
||
| 245 | _aFundamentos y formas de la educación cívica / | ||
| 260 |
_aCusco : _c1957. |
||
| 300 |
_a134 paginas ; _c25 cm. |
||
| 505 | _aContenido : Los diversos modos de acción del individuo en la comunidad -- Las formas y efectos de las acciones dirigidas por el egoísmo -- La evolución del civismo -- Lo emocional y lo mental en la educación cívica... | ||
| 650 |
_aEducacional cívica _926965 |
||
| 650 |
_aEstudio y enseñanza _92610 |
||
| 650 |
_aEstado y nación _926966 |
||
| 942 |
_2ddc _cLIBROS |
||
| 945 | _awnts | ||